| 000 | 00637cam a2200241 4500 | ||
|---|---|---|---|
| 008 | 090401t1993 xxu||||| |||| 00| 0 eng d | ||
| 020 | _a1857120213 | ||
| 035 | _a(Sirsi) u45663 | ||
| 041 | _aeng | ||
| 050 | _a657.76 | ||
| 110 |
_aAccounting Standards Board _93454 |
||
| 240 | _aFRS 4 | ||
| 245 | _aCapital instruments | ||
| 260 |
_aLondon _bAccounting Standards Board _c1993 |
||
| 300 |
_a77p. _c21cm. |
||
| 350 | _a6 | ||
| 490 |
_aASB Financial Reporting Standard _v4 |
||
| 650 | _aACCOUNTANCY | ||
| 650 | _aCAPITAL INSTRUMENTS | ||
| 690 | _aPROPERTY-PROPERTY FINANCE AND INVESTMENT | ||
| 942 | _n0 | ||
| 948 | _c04/03/1997 | ||
| 999 |
_c91793 _d91793 |
||